Noche de bodas : relatos /
Сохранить в:
| Главный автор: | |
|---|---|
| Формат: | Неизвестно |
| Язык: | Spanish |
| Опубликовано: |
San José, Costa Rica :
Iberoamericana,
1994.
|
| Предметы: | |
| Метки: |
Добавить метку
Нет меток, Требуется 1-ая метка записи!
|
MARC
| LEADER | 000000000a22000000004500 | ||
|---|---|---|---|
| 001 | 005531 | ||
| 020 | |a 9977800073 | ||
| 041 | 0 | |a spa | |
| 082 | 0 | 4 | |a CR863.4 |b B2247n |
| 100 | 1 | |a Barahona Riera, Dorelia, |d 1959- | |
| 245 | 1 | 0 | |a Noche de bodas : |b relatos / |c Dorelia Barahona Riera. |
| 260 | 1 | |a San José, Costa Rica : |b Iberoamericana, |c 1994. | |
| 300 | |a 150 páginas | ||
| 500 | |a Número de inscripción 14517 | ||
| 650 | 4 | |a LITERATURA CENTROAMERICANA | |
| 650 | 4 | |a NOVELA | |
| 999 | |c 11731 |d 11731 | ||
| 942 | |c BK |h CR863.4 B2247n |2 z | ||



